00313nam a2200109Ia 450000500170000000800410001710000220005824500640008026000340014430000110017865000140018920260328104312.0260328s9999||||xx |||||||||||||| ||und|| aNormanns, Gustavo 0aNuestro Futuro conflictos y naturaleza /cGustavo Normanns bUniversidad Rafael Landívar a112 p. aAMBIENTE